| 000 | 00374nam a2200145Ia 4500 | ||
|---|---|---|---|
| 008 | 230917s9999||||xx |||||||||||||| ||und|| | ||
| 040 |
_e38097 _aMAIN |
||
| 041 | _aEnglish | ||
| 082 | _a658.3 D451H | ||
| 100 | _aDestanick, R L | ||
| 245 | 0 | _aHuman resource management in the multinational company | |
| 260 |
_aLondon _bGower _c1977 |
||
| 300 | _axi, 411 p. | ||
| 942 | _cBK | ||
| 999 |
_c226242 _d226242 |
||